Normal view
MARC view
Entry Personal Name
001 - CONTROL NUMBER
- control field: 42626
003 - CONTROL NUMBER IDENTIFIER
- control field: ARRUPE
005 - DATE AND TIME OF LATEST TRANSACTION
- control field: 20181002093751.0
008 - FIXED-LENGTH DATA ELEMENTS
- fixed length control field: 181002|| aca||aabn | a|a d
040 ## - CATALOGING SOURCE
- Original cataloging agency: ARRUPE
- Transcribing agency: ARRUPE
100 ## - HEADING--PERSONAL NAME
- Personal name: Simpson, Andrew,
- Dates associated with a name: 1962-
670 ## - SOURCE DATA FOUND
- Source citation: Work cat.: (ARRUPE)0: Language and national identity in Africa /, 2008.